Major Finalists in CS:GO/CS2 - Statistics

General Stats
  • This quiz has been taken 30 times
  • The average score is 120 of 138
Answer Stats
Major Event Teams and Players % Correct
Aleksib
100%
apEX
100%
broky
100%
donk
100%
dupreeh
100%
FalleN
100%
FaZe Clan
100%
flameZ
100%
DreamHack Winter 2013 fnatic
100%
frozen
100%
jcobbb
100%
jL
100%
karrigan
100%
magixx
100%
mezii
100%
Natus Vincere
100%
NiKo
100%
Outsiders
100%
pashaBiceps
100%
rain
100%
ropz
100%
s1mple
100%
sh1ro
100%
Spinx
100%
Spirit
100%
Twistzz
100%
Vitality
100%
w0nderful
100%
ZywOo
100%
910
92%
Astralis
92%
autimatic
92%
AVANGAR
92%
b1t
92%
bLitz
92%
byali
92%
chopper
92%
Cloud9
92%
coldzera
92%
dev1ce
92%
Dosia
92%
electroNic
92%
ENCE
92%
Envy
92%
fer
92%
FL1T
92%
flusha
92%
fnx
92%
G2
92%
Gambit
92%
GamerLegion
92%
GeT_RiGhT
92%
gla1ve
92%
GuardiaN
92%
HObbit
92%
iM
92%
Jame
92%
JW
92%
kennyS
92%
Kjaerbye
92%
LDLC
92%
Luminosity
92%
Magisk
92%
mzinho
92%
n0rb3r7
92%
NEO
92%
Ninjas in Pyjamas
92%
olofmeister
92%
pronax
92%
Qikert
92%
RUSH
92%
Senzu
92%
shox
92%
SK
92%
Snax
92%
Stewie2K
92%
TACO
92%
TaZ
92%
Techno4K
92%
The MongolZ
92%
Virtus.pro
92%
Xyp9x
92%
Zeus
92%
zont1x
92%
AdreN
85%
allu
85%
Boombl4
85%
cadiaN
85%
f0rest
85%
fame
85%
Fifflaren
85%
flamie
85%
friberg
85%
Happy
85%
HEROIC
85%
huNter-
85%
jabbi
85%
kioShiMa
85%
KRIMZ
85%
Liquid
85%
NBK-
85%
nexa
85%
Perfecto
85%
Skadoodle
85%
stavn
85%
tarik
85%
amanek
77%
Edward
77%
EliGE
77%
JACKZ
77%
Keoz
77%
mou
77%
schneider
77%
sjuush
77%
SmithZz
77%
TeSeS
77%
Xizt
77%
acoR
69%
buster
69%
Immortals
69%
sergej
69%
siuhy
69%
Aerial
62%
boltz
62%
Devilwalk
62%
HEN1
62%
Hiko
62%
isak
62%
nitr0
62%
seized
62%
xseveN
62%
LUCAS1
54%
Maikelele
54%
SANJI
54%
steel
54%
jdm64
46%
kNgV-
46%
No matching quizzes found
Score Distribution
Percent of People with Each Score
Percentile by Number Answered
Your Score History
You have not taken this quiz